Phương pháp ủ bùn cống thải để sản xuất phân hữu cơ : Luận văn thạc sĩ. Ngành khoa học môi trường
Luận văn nghiên cứu về phương pháp ủ bùn cống thải để sản xuất phân hữu cơ nhằm đánh giá chất lượng phân hữu cơ theo tiêu chuẩn ngành 10TCN 526-2002 của bộ nông nghiệp và phát triển nông thôn...
Bewaard in:
| Hoofdauteur: | |
|---|---|
| Formaat: | Boek |
| Taal: | Undetermined |
| Gepubliceerd in: |
Cần Thơ
Đại học Cần Thơ
2013
|
| Onderwerpen: | |
| Tags: |
Voeg label toe
Geen labels, Wees de eerste die dit record labelt!
|
| Thư viện lưu trữ: | Trung tâm Học liệu Trường Đại học Cần Thơ |
|---|
| LEADER | 01124nam a2200217Ia 4500 | ||
|---|---|---|---|
| 001 | CTU_185954 | ||
| 008 | 210402s9999 xx 000 0 und d | ||
| 082 | |a 668.63 | ||
| 082 | |b Kh107 | ||
| 088 | |a 60440301 | ||
| 100 | |a Lê, Nguyễn Trung Khanh | ||
| 245 | 0 | |a Phương pháp ủ bùn cống thải để sản xuất phân hữu cơ : | |
| 245 | 0 | |b Luận văn thạc sĩ. Ngành khoa học môi trường | |
| 245 | 0 | |c Lê Nguyễn Trung Khanh ; Nguyễn Xuân Hoàng, Bùi Thị Nga (người hướng dẫn) | |
| 260 | |a Cần Thơ | ||
| 260 | |b Đại học Cần Thơ | ||
| 260 | |c 2013 | ||
| 520 | |a Luận văn nghiên cứu về phương pháp ủ bùn cống thải để sản xuất phân hữu cơ nhằm đánh giá chất lượng phân hữu cơ theo tiêu chuẩn ngành 10TCN 526-2002 của bộ nông nghiệp và phát triển nông thôn | ||
| 650 | |a Organic fertilizers,Phân hữu cơ | ||
| 904 | |i Nguyễn Thị Thảo Trinh | ||
| 980 | |a Trung tâm Học liệu Trường Đại học Cần Thơ | ||